000 00771nam a22002657a 4500
003 CHAP
005 20220329140550.0
008 971013s1972 us a r 00010 eng d
010 _a54018
011 _a54990
035 _a59142
040 _cCHAP
082 0 4 _a635.9
_bP6
100 0 0 _aPotter, Charles H.
_991131
245 1 _aBedding plants
260 _aChicago :
_bFlorist's,
_c1972
300 _a62 p.
_b: ilus.
590 _aBATCH-UPD
_b10
_c20130110
_lUCH01
_h0816
590 _aCONVERSION
_b10
_c20130109
_lUCH01
_h1329
650 1 4 _aFloricultura.
_941822
901 _aBK
942 _cLIBRO
949 _a635.9 P6
_bBC
_cLIBRO
_d33724000253514
_eLIBRO
_h56116
_i59142
_si
_t50.00
949 _a635.9 P6
_bBC
_cLIBRO
_d33724000658969
_eLIBRO
_fc.2
_h56117
_i59142
_si
_t50.00
999 _c54018
_d54018